| 000 | 01956nam a2200421 c 4500 | ||
|---|---|---|---|
| 003 | BLK | ||
| 005 | 20240130110235.0 | ||
| 008 | 180408b bul|||||r ||||||| ||bul|| | ||
| 010 | _aKNG00049110000 | ||
| 020 |
_a978-954-9882-97-1 _bиздат.: Анхира |
||
| 040 | _aBLK | ||
| 041 |
_aBUL _cBUL |
||
| 072 | 7 |
_2bullib _aН33 _xИкономика Н |
|
| 080 |
_aИкономическа психология. Икономическо поведение. Физиологични и психологични елементи. Интереси. Икономически дух _b330.16 _x(02.062) _z330.16(02.062) |
||
| 080 |
_aЕтика на бизнеса. Успех _b174.4 _x(02.062) _z174.4(02.062) |
||
| 100 | 1 |
_aКийосаки, Робърт Т. _eпърви автор _9280110 |
|
| 700 | 1 |
_aМатева, Красимира _eпрев. _9363624 |
|
| 139 |
_aКийосаки, Робърт Т. _bК 53 |
||
| 245 | 1 | 0 |
_aКонспирацията на богатите _bОсемте нови правила на парите _cРобърт Т. Кийосаки; прев. Красимира Матева. |
| 257 | _aUSA | ||
| 260 |
_аСофия _bАнхира _c2010 |
||
| 300 |
_a304 с. _c22 см |
||
| 380 | _a3 | ||
| 500 | _aОриг. загл. Conspiracy Of the Rich - The 8 New Ruls of Money / Robert T. Kiyosaki. | ||
| 650 | 4 |
_aИкономическо поведение - популярна литература _9263288 |
|
| 650 | 4 |
_aУспех _9174913 |
|
| 650 | 4 |
_aБизнес - етични и социалнопсихологични проблеми _9255883 |
|
| 653 | _aикономическо поведение | ||
| 653 | _aуспех | ||
| 653 | _aбизнес поведение | ||
| 659 | _aН | ||
| 852 | _aЦб 254269 | ||
| 856 | 4 |
_qpdf _u |
|
| 856 | 4 |
_qpdf _u |
|
| 942 |
_cKNG _n0 _015 |
||
| 944 |
_aCR _c06.01.2012 _lМинев Младен _k30530 |
||
| 944 |
_aED _c23.05.2012 _lф / _k |
||
| 999 |
_c45319 _d45319 |
||